Normal view
MARC view
- Supervised by Dr. Jamil Ahmed
Entry Personal Name
001 - CONTROL NUMBER
- control field: 131843
003 - CONTROL NUMBER IDENTIFIER
- control field: NUST
005 - DATE AND TIME OF LATEST TRANSACTION
- control field: 20251112153005.0
008 - FIXED-LENGTH DATA ELEMENTS
- fixed length control field: 251112|| aca||aabn | a|a d
040 ## - CATALOGING SOURCE
- Original cataloging agency: NUST
- Transcribing agency: NUST
100 ## - HEADING--PERSONAL NAME
- Personal name: Supervised by Dr. Jamil Ahmed
670 ## - SOURCE DATA FOUND
- Source citation: Work cat.: (NUST)182759: Shahzad , GC Bilal (TCC-11) 131842, Real time implementation of PC based echo cancellation system /, 2003
